|
|
|
|
| LEADER |
04408nam a22004093i 4500 |
| 001 |
EBC30717211 |
| 003 |
MiAaPQ |
| 005 |
20231204023231.0 |
| 006 |
m o d | |
| 007 |
cr cnu|||||||| |
| 008 |
231204s2023 xx o ||||0 eng d |
| 020 |
|
|
|a 9789819934751
|q (electronic bk.)
|
| 020 |
|
|
|z 9789819934744
|
| 035 |
|
|
|a (MiAaPQ)EBC30717211
|
| 035 |
|
|
|a (Au-PeEL)EBL30717211
|
| 035 |
|
|
|a (OCoLC)1395567191
|
| 040 |
|
|
|a MiAaPQ
|b eng
|e rda
|e pn
|c MiAaPQ
|d MiAaPQ
|
| 050 |
|
4 |
|a LB1-3640
|
| 100 |
1 |
|
|a Scott-Baumann, Alison.
|
| 245 |
1 |
0 |
|a Paul Ricoeur :
|b Empowering Education, Politics and Society.
|
| 250 |
|
|
|a 1st ed.
|
| 264 |
|
1 |
|a Singapore :
|b Springer,
|c 2023.
|
| 264 |
|
4 |
|c ©2023.
|
| 300 |
|
|
|a 1 online resource (128 pages)
|
| 336 |
|
|
|a text
|b txt
|2 rdacontent
|
| 337 |
|
|
|a computer
|b c
|2 rdamedia
|
| 338 |
|
|
|a online resource
|b cr
|2 rdacarrier
|
| 490 |
1 |
|
|a SpringerBriefs in Education Series
|
| 505 |
0 |
|
|a Intro -- Preface -- Acknowledgments -- Contents -- 1 Introduction -- 1.1 Ricœur, Concerns and Objectives -- 1.2 Economic Inequality and the Modern University: 1968 and Today -- 1.3 Understanding the Other -- 1.4 Populism's Binaries and Ricœur -- 1.5 Free Speech and 'Populism's Pincer Grip' -- 1.6 Structure of This Book -- References -- 2 The Idea of the University -- 2.1 The University as Marketplace -- 2.2 Ricœur's Idea of the University -- 2.3 Discrimination on Campus -- 2.4 Discrimination Against Colour -- 2.5 The Culture Wars and Wokeness -- 2.6 Endless Distraction and Inaction -- 2.7 Wael Hallaq -- 2.8 Secularism and Islam -- References -- 3 Communities of Inquiry -- 3.1 Communicating and Acting -- 3.2 Challenging the Curriculum on Discrimination -- 3.3 Communities of Inquiry -- 3.4 Key Guidelines for Communities of Inquiry -- 3.5 Practical Outcomes -- 3.6 Group Work -- 3.7 Rhetoric: Plato's Gorgias Dialogue -- 3.8 Communities of Inquiry Sample: Challenging Callicles -- References -- 4 Ricœur's Early Language, Activism and Algeria -- 4.1 Colonialism's Legacy in the Muslim World -- 4.2 Young Ricœur and Colonial Influence -- 4.3 Ricœur's Philosophical Toolkit -- 4.4 Algeria and Empire -- 4.5 Ricœur Versus Sartre: L'insoumission (Insubordination) -- 4.6 Methodological Dialectics and Hermeneutics -- 4.7 Linguistic Analysis and Structuralism as Method -- 4.8 Activism Beyond Negation -- 4.9 Communities of Inquiry Sample: Discussing Decolonisation -- References -- 5 1968 and Campus Shock at Nanterre -- 5.1 What Happened in 1968? -- 5.2 Ricœur's Commentaries on the University Crisis: 1968 and Beyond -- 5.3 Hermeneutics of Suspicion -- 5.4 The Changes Ricœur Wanted-Then and Now -- 5.5 Negation and the Feminist Cause -- 5.6 Ricœur Disappointed -- References -- 6 Challenging 'Bad Infinity' -- 6.1 Negative Cultural Imaginings -- 6.2 Whiteness.
|
| 505 |
8 |
|
|a 6.3 Jim Crow -- 6.4 The Denied Negative Debt at the Heart of Authoritarian Populism -- 6.5 'Bad Infinity' and the Unhappy Consciousness -- 6.6 Racism and Critical Race Theory (CRT) -- 6.7 Racism: Can Ricœur Help? -- 6.8 Communities of Inquiry Sample: Are Universities Perpetuating Institutional Racism? -- References -- 7 The Politics of Pedagogy Leading to Polity Praxis -- 7.1 Transcending Binaries and Whiteness-An Outline -- 7.2 The Fate of Activism? -- 7.3 Factors Militating Against Communities of Inquiry -- 7.4 Ricœurian Justice and Current UK Politics -- 7.5 Pragmatist Probabilities -- 7.6 Rhetorical Pragmatism -- 7.7 Religion on Campus: The Politics of Pedagogy -- 7.8 Polity Praxis: German Case Study on Religious Thinking -- 7.9 The Politics of Pedagogy: Influencing the Corridors of Power -- 7.10 Polity Praxis: An All-Party Parliamentary Group -- References -- 8 Conclusion -- References -- Index.
|
| 588 |
|
|
|a Description based on publisher supplied metadata and other sources.
|
| 590 |
|
|
|a Electronic reproduction. Ann Arbor, Michigan : ProQuest Ebook Central, 2023. Available via World Wide Web. Access may be limited to ProQuest Ebook Central affiliated libraries.
|
| 655 |
|
4 |
|a Electronic books.
|
| 776 |
0 |
8 |
|i Print version:
|a Scott-Baumann, Alison
|t Paul Ricoeur
|d Singapore : Springer,c2023
|z 9789819934744
|
| 797 |
2 |
|
|a ProQuest (Firm)
|
| 830 |
|
0 |
|a SpringerBriefs in Education Series
|
| 856 |
4 |
0 |
|u https://ebookcentral.proquest.com/lib/matrademy/detail.action?docID=30717211
|z Click to View
|